000 00587cam a2200193 4500500
005 20260405001751.0
041 _afre
042 _adc
100 1 0 _aPortevin, Catherine
_eauthor
245 0 0 _aPendant que j’y pense / Juin 2014
260 _c2014.
500 _a64
690 _aCatherine Portevin
690 _aÉric Vuillard
690 _aPeinture
690 _aRonan Barrot
786 0 _nPhilosophie magazine | 80 | 6 | 2014-06-01 | p. 67-67 | 1951-1787
856 4 1 _uhttps://shs.cairn.info/magazine-philosophie-magazine-2014-6-page-67?lang=fr&redirect-ssocas=7080
999 _c2050870
_d2050870